000 00533nam a2200169Ia 4500
008 090124s9999 xx 000 0 und d
082 _b46048
100 _aहळबे धनश्री
245 _a असंही घडतं कधी कधी
250 _a1
300 _a292
600 _aहळबे धनश्री
630 _a असंही घडतं कधी कधी
700 _aहळबे धनश्री
730 _a असंही घडतं कधी कधी
942 _cBOOK
999 _c112242
_d112242